The reality of generation rent (Record no. 112379)

MARC details
000 -LEADER
fixed length control field 01550cad a22002295a 4500
001 - CONTROL NUMBER
control field L153103
008 - FIXED-LENGTH DATA ELEMENTS--GENERAL INFORMATION
fixed length control field 110608s2011 xxk f 000 0 eng d
035 ## - SYSTEM CONTROL NUMBER
System control number (Sirsi) u153103
041 0# - LANGUAGE CODE
Language code of text/sound track or separate title eng
100 1# - MAIN ENTRY--PERSONAL NAME
Personal name Blackwell, Alison
110 2# - MAIN ENTRY--CORPORATE NAME
Corporate name or jurisdiction name as entry element National Centre for Social Research
9 (RLIN) 4125
245 04 - TITLE STATEMENT
Title The reality of generation rent
Remainder of title perceptions of the first time buyer market
Medium [electronic resource]
260 ## - PUBLICATION, DISTRIBUTION, ETC.
Place of publication, distribution, etc. [S.l.]
Name of publisher, distributor, etc. [s.n.]
Date of publication, distribution, etc. [2011]
505 2# - FORMATTED CONTENTS NOTE
Formatted contents note Preface -- Executive summary -- Context -- Implications -- Main findings -- Aspirations and reality -- First time buyers -- Pessimism about first time buyers and the mortgage process -- References -- Methodology -- Tables
520 ## - SUMMARY, ETC.
Summary, etc. Results of research commissioned by Halifax to explore people's perceptions of the first time buyers market. 8000 individuals between 24 and 45 took part in an online survey based on the findings of a number of focus groups in London and Manchester. Highlights the concept of generation rent described as a generation with no prospect of owning their own homes over the next five years. Looks at aspirations for ownership, pessisimism towards first time buyers and the mortgage process and lack of motivation for saving up for a deposit.
590 ## - LOCAL NOTE (RLIN)
Local note KA NTK
651 #4 - SUBJECT ADDED ENTRY--GEOGRAPHIC NAME
Geographic name UNITED KINGDOM
690 ## - LOCAL SUBJECT ADDED ENTRY--TOPICAL TERM (OCLC, RLIN)
Topical term or geographic name as entry element PROPERTY-RESIDENTIAL PROPERTY-RESIDENTIAL PROPERTY MARKET
700 1# - ADDED ENTRY--PERSONAL NAME
Personal name Park, Alison
856 40 - ELECTRONIC LOCATION AND ACCESS
Uniform Resource Identifier <a href="https://www.lloydsbankinggroup.com/media/pdfs/2011/First_Time_Buyer_Report.pdf">https://www.lloydsbankinggroup.com/media/pdfs/2011/First_Time_Buyer_Report.pdf</a>
Public note View the item free of charge at www.lloydsbankinggroup.com
942 ## - ADDED ENTRY ELEMENTS (KOHA)
Suppress in OPAC 0
Holdings
Withdrawn status Lost status Source of classification or shelving scheme Damaged status Not for loan Home library Current library Shelving location Date acquired Total Checkouts Full call number Barcode Date last seen Copy number Price effective from Koha item type
    Dewey Decimal Classification     Virtual Virtual Online 08/06/2011   ONLINE PUBLICATION 153103-2001 06/08/2019 1 06/08/2019 Book